000
00240nam a22001097a 4500
008
180807b xxu||||| |||| 00| 0 eng d
082
_a
813.52
245
_a
NDH2007 PLUS!
_c
Williams,L
260
_c
2007
300
_a
1
_f
CD
942
_2
ddc
_c
MX
999
_c
46914
_d
46914